[Event "RUS-ch Rapid 2021"]
[Site "Sochi"]
[Date "2021.10.13"]
[Round "11.3"]
[White "Murzin, Volodar"]
[Black "Sjugirov, Sanan"]
[Result "0-1"]
[WhiteElo "2513"]
[BlackElo "2663"]
[Annotator "RC"]
[PlyCount "122"]
[EventDate "2021.10.12"]
[EventType "swiss"]
[EventCountry "RUS"]
[SourceTitle "playchess.com"]
[Source "ChessBase"]
[SourceQuality "1"]
[TimeControl "900+10"]

1. e4 {[%emt 0:00:04]} c5 {[%emt 0:00:00]} 2. Nf3 {[%emt 0:00:02]} Nc6 {
[%emt 0:00:02]} 3. Bb5 {[%emt 0:00:02]} e6 {[%emt 0:00:03]} 4. O-O {[%emt 0:00:
01]} Nge7 {[%emt 0:00:09]} 5. d4 {[%emt 0:00:00]} cxd4 {[%emt 0:00:08]} 6. Nxd4
{[%emt 0:00:04]} Ng6 {[%emt 0:00:10]} 7. Be3 {[%emt 0:01:04]} Be7 {[%emt 0:00:
26]} 8. Re1 {[%emt 0:01:31]} O-O {[%emt 0:00:00]} 9. Nd2 {[%emt 0:00:11]} Nxd4
{[%emt 0:01:05]} 10. Bxd4 {[%emt 0:00:03]} b6 {[%emt 0:00:14]} 11. c3 {[%emt 0:
03:31]} Bb7 {[%emt 0:00:17]} 12. Bf1 {[%emt 0:00:47]} Qc7 {[%emt 0:00:36]} 13.
a4 {[%emt 0:00:43]} f5 {[%emt 0:00:19]} 14. e5 {[%emt 0:00:20]} Bc6 {[%emt 0:
01:39]} 15. b4 {[%emt 0:04:07]} Rad8 {[%emt 0:04:09]} 16. g3 {[%emt 0:03:15]}
Bb7 {[%emt 0:01:45]} 17. Bg2 {[%emt 0:00:41]} Bxg2 {[%emt 0:00:00]} 18. Kxg2 {
[%emt 0:00:01]} f4 {[%emt 0:00:08]} 19. f3 {[%emt 0:01:03]} d6 {[%emt 0:00:41]}
20. exd6 {[%emt 0:00:20]} Bxd6 {[%emt 0:00:00]} 21. Ne4 {[%emt 0:00:23]} fxg3 {
[%emt 0:00:09]} 22. hxg3 {[%emt 0:00:02]} Bxg3 {[%emt 0:02:49]} 23. Nxg3 {
[%emt 0:00:00]} Nh4+ {[%emt 0:00:01]} 24. Kh3 {[%emt 0:00:09]} Nxf3 {[%emt 0:
00:02]} 25. Rf1 {[%emt 0:00:30]} Qc6 {[%emt 0:00:41]} 26. Qe2 {[%emt 0:00:16]}
Qd5 {[%emt 0:02:26]} 27. Rxf3 {[%emt 0:00:17]} Rxf3 {[%emt 0:00:00]} 28. Re1 {
[%emt 0:00:01]} Re8 {[%emt 0:00:39]} 29. Qe4 {[%emt 0:00:18]} Qxe4 {[%emt 0:00:
12]} 30. Rxe4 {[%emt 0:00:01]} Rd3 {[%emt 0:00:58]} 31. Kg2 {[%emt 0:00:14]}
Rd2+ {[%emt 0:00:05]} 32. Kh3 {[%emt 0:00:03]} Rd3 {[%emt 0:00:11]} 33. Kg2 {
[%emt 0:00:06]} g6 {[%emt 0:00:08]} 34. Re5 {[%emt 0:00:06]} Rd2+ {[%emt 0:00:
06]} 35. Kh3 {[%emt 0:00:23]} Rd3 {[%emt 0:00:19]} 36. a5 {[%emt 0:00:14]} Rf8
{[%emt 0:00:14]} 37. axb6 {[%emt 0:00:07]} axb6 {[%emt 0:00:01]} 38. Kg2 {
[%emt 0:00:03]} Rd2+ {[%emt 0:00:01]} 39. Ne2 {[%emt 0:00:12]} Rf5 {[%emt 0:00:
24]} 40. Rxe6 {[%emt 0:00:06]} b5 {[%emt 0:00:03]} 41. Kg3 {[%emt 0:00:19]}
Rd3+ {[%emt 0:00:00]} 42. Kg2 {[%emt 0:00:04]} Kf7 {[%emt 0:00:16]} 43. Re4 {
[%emt 0:00:00]} h5 {[%emt 0:00:10]} 44. Nf4 {[%emt 0:00:34]} Rd2+ {[%emt 0:00:
02]} 45. Kg3 {[%emt 0:00:02]} Rd1 {[%emt 0:00:16]} 46. Ne6 {[%emt 0:00:09]}
Rd3+ {[%emt 0:00:14]} 47. Kh4 {[%emt 0:00:08]} Rd1 {[%emt 0:00:27]} 48. Ng5+ {
[%emt 0:00:15]} Kf8 {[%emt 0:00:01]} 49. Ne6+ {[%emt 0:00:11]} Kg8 {[%emt 0:00:
06]} 50. Kg3 {[%emt 0:00:13]} g5 {[%emt 0:00:15]} 51. Be3 {[%emt 0:00:12]} g4 {
[%emt 0:00:20]} 52. Nd4 {[%emt 0:00:07]} Rd5 {[%emt 0:00:04]} 53. Kh4 {[%emt 0:
00:08]} Re1 {[%emt 0:00:11]} 54. Kg3 {[%emt 0:00:10]} Kf7 {[%emt 0:00:04]} 55.
Kf2 {[%emt 0:00:10]} Ra1 {[%emt 0:00:09]} 56. Rf4+ {[%emt 0:00:06]} Kg6 {
[%emt 0:00:03]} 57. Rf8 {[%emt 0:00:07]} Re5 {[%emt 0:00:15]} 58. Bf4 {[%emt 0:
00:13]} Ra2+ {[%emt 0:00:05]} 59. Kg3 {[%emt 0:00:06]} Re1 {[%emt 0:00:03]} 60.
Rg8+ {[%emt 0:00:11]} Kf7 {[%emt 0:00:01]} 61. Rg5 {[%emt 0:00:13]} Rg1+ {
[%emt 0:00:03]} 0-1

[Event "RUS-ch Rapid 2021"]
[Site "Sochi"]
[Date "2021.10.13"]
[Round "11.4"]
[White "Demidov, Mikhail"]
[Black "Gochelashvili, David"]
[Result "1-0"]
[WhiteElo "2551"]
[BlackElo "2400"]
[Annotator "ChessBase"]
[PlyCount "71"]
[EventDate "2021.10.12"]
[EventType "swiss"]
[EventCountry "RUS"]
[SourceTitle "playchess.com"]
[Source "ChessBase"]
[SourceQuality "1"]
[TimeControl "900+10"]

1. g3 {[%emt 0:00:06]} g6 {[%emt 0:00:11]} 2. Bg2 {[%emt 0:00:00]} Bg7 {
[%emt 0:00:00]} 3. d4 {[%emt 0:00:08]} d6 {[%emt 0:00:18]} 4. Nc3 {[%emt 0:00:
02]} c6 {[%emt 0:00:55]} 5. e4 {[%emt 0:00:07]} e5 {[%emt 0:00:21]} 6. Nge2 {
[%emt 0:00:13]} Be6 {[%emt 0:00:48]} 7. Be3 {[%emt 0:00:51]} Ne7 {[%emt 0:00:
59]} 8. Qd2 {[%emt 0:00:22]} b5 {[%emt 0:00:50]} 9. a3 {[%emt 0:00:58]} Qc8 {
[%emt 0:00:15]} 10. f4 {[%emt 0:01:25]} O-O {[%emt 0:01:01]} 11. O-O {[%emt 0:
00:00]} a6 {[%emt 0:02:23]} 12. Rad1 {[%emt 0:01:20]} Re8 {[%emt 0:00:03]} 13.
fxe5 {[%emt 0:01:06]} dxe5 {[%emt 0:00:00]} 14. d5 {[%emt 0:00:00]} cxd5 {
[%emt 0:04:06]} 15. exd5 {[%emt 0:00:40]} Bh3 {[%emt 0:00:58]} 16. Bxh3 {
[%emt 0:00:56]} Qxh3 {[%emt 0:00:00]} 17. Ne4 {[%emt 0:00:15]} Nf5 {[%emt 0:00:
29]} 18. Nf2 {[%emt 0:00:17]} Qh5 {[%emt 0:00:00]} 19. g4 {[%emt 0:00:06]} Qh4
{[%emt 0:00:00]} 20. Bg5 {[%emt 0:01:05]} Bh6 {[%emt 0:01:20]} 21. Bxh4 {
[%emt 0:00:02]} Bxd2 {[%emt 0:00:00]} 22. gxf5 {[%emt 0:00:00]} Be3 {[%emt 0:
00:04]} 23. Rd3 {[%emt 0:00:18]} Bb6 {[%emt 0:00:05]} 24. fxg6 {[%emt 0:00:11]}
hxg6 {[%emt 0:00:01]} 25. Kg2 {[%emt 0:00:25]} e4 {[%emt 0:00:15]} 26. Rg3 {
[%emt 0:01:20]} Bc7 {[%emt 0:00:58]} 27. Rg4 {[%emt 0:00:14]} Nd7 {[%emt 0:00:
23]} 28. Rxe4 {[%emt 0:00:37]} Ne5 {[%emt 0:00:45]} 29. Bf6 {[%emt 0:00:40]}
Nd7 {[%emt 0:00:00]} 30. Bc3 {[%emt 0:00:10]} f5 {[%emt 0:00:23]} 31. Re6 {
[%emt 0:00:40]} Kf7 {[%emt 0:00:04]} 32. Nd4 {[%emt 0:00:24]} Nb6 {[%emt 0:00:
01]} 33. Nh3 {[%emt 0:00:15]} Nxd5 {[%emt 0:00:04]} 34. Ng5+ {[%emt 0:00:08]}
Kg7 {[%emt 0:00:00]} 35. Nxf5+ {[%emt 0:00:09]} Kf8 {[%emt 0:00:05]} 36. Nd6+ {
[%emt 0:00:11]} 1-0

[Event "RUS-ch Rapid 2021"]
[Site "Sochi"]
[Date "2021.10.13"]
[Round "11.5"]
[White "Moiseenko, Vadim"]
[Black "Petrov, Nikita"]
[Result "1/2-1/2"]
[WhiteElo "2542"]
[BlackElo "2539"]
[Annotator "ChessBase"]
[PlyCount "85"]
[EventDate "2021.10.12"]
[EventType "swiss"]
[EventCountry "RUS"]
[SourceTitle "playchess.com"]
[Source "ChessBase"]
[SourceQuality "1"]
[TimeControl "900+10"]

1. b3 {[%emt 0:00:00]} d5 {[%emt 0:00:00]} 2. Bb2 {[%emt 0:00:00]} Bg4 {
[%emt 0:00:06]} 3. d4 {[%emt 0:00:27]} Nf6 {[%emt 0:00:07]} 4. Nd2 {[%emt 0:00:
04]} e6 {[%emt 0:00:22]} 5. Ngf3 {[%emt 0:01:15]} Nbd7 {[%emt 0:00:08]} 6. e3 {
[%emt 0:00:00]} Bd6 {[%emt 0:00:22]} 7. Be2 {[%emt 0:00:33]} O-O {[%emt 0:00:
30]} 8. O-O {[%emt 0:00:00]} Qe7 {[%emt 0:00:24]} 9. c4 {[%emt 0:00:17]} c6 {
[%emt 0:00:17]} 10. Qc2 {[%emt 0:00:39]} a5 {[%emt 0:02:42]} 11. Bd3 {[%emt 0:
00:47]} Bh5 {[%emt 0:01:09]} 12. Ne5 {[%emt 0:00:25]} Bg6 {[%emt 0:00:00]} 13.
Nxg6 {[%emt 0:00:26]} hxg6 {[%emt 0:00:00]} 14. c5 {[%emt 0:01:01]} Bc7 {
[%emt 0:00:22]} 15. f4 {[%emt 0:00:00]} g5 {[%emt 0:02:24]} 16. Rae1 {[%emt 0:
01:27]} g4 {[%emt 0:02:03]} 17. Be2 {[%emt 0:00:00]} b6 {[%emt 0:00:21]} 18.
cxb6 {[%emt 0:00:09]} Bxb6 {[%emt 0:00:00]} 19. Qd1 {[%emt 0:00:03]} a4 {
[%emt 0:00:23]} 20. Bxg4 {[%emt 0:01:59]} axb3 {[%emt 0:00:00]} 21. axb3 {
[%emt 0:00:00]} Nxg4 {[%emt 0:01:14]} 22. Qxg4 {[%emt 0:00:00]} Ba5 {[%emt 0:
00:01]} 23. Qe2 {[%emt 0:00:14]} Nf6 {[%emt 0:00:04]} 24. Ra1 {[%emt 0:00:30]}
Bxd2 {[%emt 0:00:13]} 25. Qxd2 {[%emt 0:00:14]} Ne4 {[%emt 0:00:06]} 26. Qc2 {
[%emt 0:00:07]} Qb4 {[%emt 0:00:28]} 27. Rxa8 {[%emt 0:02:41]} Rxa8 {[%emt 0:
00:00]} 28. Qxc6 {[%emt 0:00:04]} Rb8 {[%emt 0:01:34]} 29. f5 {[%emt 0:00:39]}
Qxb3 {[%emt 0:00:24]} 30. Bc1 {[%emt 0:00:00]} exf5 {[%emt 0:01:32]} 31. Rxf5 {
[%emt 0:00:00]} Nf6 {[%emt 0:00:18]} 32. h3 {[%emt 0:01:09]} Qd3 {[%emt 0:00:
09]} 33. Rf1 {[%emt 0:00:28]} Rb1 {[%emt 0:00:33]} 34. Qc8+ {[%emt 0:00:47]}
Kh7 {[%emt 0:00:00]} 35. Qc7 {[%emt 0:00:09]} Ra1 {[%emt 0:01:17]} 36. Re1 {
[%emt 0:01:52]} Ra2 {[%emt 0:00:23]} 37. Kh2 {[%emt 0:00:48]} Qe4 {[%emt 0:00:
29]} 38. Qg3 {[%emt 0:00:40]} Qf5 {[%emt 0:00:14]} 39. Kg1 {[%emt 0:00:42]} Ne4
{[%emt 0:00:20]} 40. Qh4+ {[%emt 0:00:12]} Kg8 {[%emt 0:00:02]} 41. Qd8+ {
[%emt 0:00:10]} Kh7 {[%emt 0:00:02]} 42. Qh4+ {[%emt 0:00:07]} Kg8 {[%emt 0:00:
00]} 43. Qd8+ {[%emt 0:00:25]} 1/2-1/2

[Event "RUS-ch Rapid 2021"]
[Site "Sochi"]
[Date "2021.10.13"]
[Round "11.6"]
[White "Antipov, Mikhail Al."]
[Black "Triapishko, Alexandr"]
[Result "1-0"]
[WhiteElo "2619"]
[BlackElo "2506"]
[Annotator "RC"]
[PlyCount "69"]
[EventDate "2021.10.12"]
[EventType "swiss"]
[EventCountry "RUS"]
[SourceTitle "playchess.com"]
[Source "ChessBase"]
[SourceQuality "1"]
[TimeControl "900+10"]

1. e4 {[%emt 0:00:05]} c6 {[%emt 0:00:46]} 2. d4 {[%emt 0:00:02]} d5 {[%emt 0:
00:10]} 3. exd5 {[%emt 0:00:05]} cxd5 {[%emt 0:00:00]} 4. Bd3 {[%emt 0:00:00]}
Nf6 {[%emt 0:00:27]} 5. h3 {[%emt 0:00:00]} Nc6 {[%emt 0:00:08]} 6. c3 {
[%emt 0:00:00]} g6 {[%emt 0:00:33]} 7. Nf3 {[%emt 0:00:00]} Bf5 {[%emt 0:00:12]
} 8. Be2 {[%emt 0:00:00]} e6 {[%emt 0:00:35]} 9. O-O {[%emt 0:00:15]} Qc7 {
[%emt 0:00:23]} 10. Re1 {[%emt 0:00:33]} a6 {[%emt 0:02:17]} 11. c4 {[%emt 0:
01:04]} Bg7 {[%emt 0:03:35]} 12. Nc3 {[%emt 0:07:48]} O-O {[%emt 0:00:29]} 13.
Be3 {[%emt 0:00:00]} dxc4 {[%emt 0:00:57]} 14. Bxc4 {[%emt 0:00:11]} Rfd8 {
[%emt 0:04:03]} 15. Bb3 {[%emt 0:01:28]} Na5 {[%emt 0:01:13]} 16. Rc1 {[%emt 0:
00:01]} Qe7 {[%emt 0:01:23]} 17. Ne5 {[%emt 0:00:38]} Ne4 {[%emt 0:00:39]} 18.
Qf3 {[%emt 0:01:03]} Nxb3 {[%emt 0:00:01]} 19. axb3 {[%emt 0:00:05]} Nxc3 {
[%emt 0:00:18]} 20. bxc3 {[%emt 0:00:17]} f6 {[%emt 0:00:08]} 21. Nc4 {[%emt 0:
00:05]} e5 {[%emt 0:00:12]} 22. dxe5 {[%emt 0:00:43]} fxe5 {[%emt 0:00:00]} 23.
Nb6 {[%emt 0:00:08]} Rab8 {[%emt 0:00:07]} 24. c4 {[%emt 0:00:07]} e4 {[%emt 0:
00:19]} 25. Qg3 {[%emt 0:00:08]} Be5 {[%emt 0:00:08]} 26. Bf4 {[%emt 0:00:00]}
Bxf4 {[%emt 0:00:11]} 27. Qxf4 {[%emt 0:00:04]} Qd6 {[%emt 0:00:04]} 28. Qe3 {
[%emt 0:00:03]} h5 {[%emt 0:00:20]} 29. Nd5 {[%emt 0:00:23]} b5 {[%emt 0:00:00]
} 30. Qg5 {[%emt 0:00:02]} bxc4 {[%emt 0:00:22]} 31. Rcd1 {[%emt 0:00:23]} Qe6
{[%emt 0:00:07]} 32. bxc4 {[%emt 0:00:40]} Kf7 {[%emt 0:00:12]} 33. f3 {
[%emt 0:00:24]} Rb3 {[%emt 0:00:08]} 34. Qxd8 {[%emt 0:00:17]} Bxh3 {[%emt 0:
00:07]} 35. Rxe4 {[%emt 0:00:09]} 1-0

[Event "RUS-ch Rapid 2021"]
[Site "Sochi"]
[Date "2021.10.13"]
[Round "11.7"]
[White "Timofeev, Artyom"]
[Black "Artemiev, Vladislav"]
[Result "1-0"]
[WhiteElo "2586"]
[BlackElo "2699"]
[Annotator "TA"]
[PlyCount "49"]
[EventDate "2021.10.12"]
[EventType "swiss"]
[EventCountry "RUS"]
[SourceTitle "playchess.com"]
[Source "ChessBase"]
[SourceQuality "1"]

{[%evp 9,48,0,0,-6,16,0,0,0,0,0,0,-17,0,0,0,0,0,0,0,-10,-13,-6,-10,0,400,380,
550,552,541,533,725,729,716,702,29986,29987,29987,29988,29998,29999,29999]} 1.
e4 c5 2. Nc3 e6 3. d4 cxd4 4. Qxd4 Nc6 5. Qd3 Nf6 6. Bf4 {B23: Closed Sicilian:
Lines without g3.} d5 7. O-O-O d4 8. Nb5 {The position is equal.} e5 9. Bxe5 $1
Nxe5 10. Qg3 {[%cal Rg3e5]} Nfd7 {[#] Hoping for ...Qb6.} 11. Nf3 $5 $146 {
[%mdl 8] An interesting novelty.} ({Predecessor:} 11. Rxd4 a6 12. Nf3 Nxf3 13.
Nc7+ Qxc7 14. Qxc7 Nxd4 15. Qg3 Ne6 16. f4 Bd6 17. e5 {1/2-1/2 (40) Najer,E 
(2679)-Moiseenko,A (2657) Doha 2016}) 11... a6 $1 {[%cal Ra6b5]} 12. Nxe5 axb5
13. Bxb5 Rxa2 14. c4 {Strongly threatening Nxd7.} Ra5 15. Rxd4 {[#] aiming for
Rhd1.} Rxb5 $1 16. cxb5 $40 {[%mdl 128] Black must now prevent Rhd1. White
mounts an attack.} Bc5 $2 {[%mdl 8192]} (16... Qc7+ $1 $11 17. Kb1 Nxe5) 17.
Qxg7 $18 {[%csl Ge5][%cal Rg7f7]} Rf8 (17... Qf6 {is a better defense.} 18.
Qxf6 Nxf6) 18. Nxd7 Bxd7 19. Qe5+ Be7 20. Kb1 Qa8 21. b6 {White wants to mate
with Rxd7!} Rg8 {[#]} 22. Rxd7 $1 {[%mdl 512] White mates.} Kxd7 23. Qb5+ Ke6
24. Qf5+ {[%mdl 64] Double Attack} Kd6 25. Qd5# {Weighted Error Value: White=0.
01/Black=0.89} 1-0

[Event "RUS-ch Rapid 2021"]
[Site "Sochi"]
[Date "2021.10.13"]
[Round "11.8"]
[White "Belozerov, Andrei"]
[Black "Grachev, Boris"]
[Result "1-0"]
[WhiteElo "2476"]
[BlackElo "2615"]
[Annotator "RC"]
[PlyCount "83"]
[EventDate "2021.10.12"]
[EventType "swiss"]
[EventCountry "RUS"]
[SourceTitle "playchess.com"]
[Source "ChessBase"]
[SourceQuality "1"]
[TimeControl "900+10"]

1. e4 {[%emt 0:00:05]} c5 {[%emt 0:00:09]} 2. Nf3 {[%emt 0:00:00]} e6 {[%emt 0:
00:00]} 3. d4 {[%emt 0:00:11]} cxd4 {[%emt 0:00:00]} 4. Nxd4 {[%emt 0:00:00]}
Nf6 {[%emt 0:00:00]} 5. Nc3 {[%emt 0:00:05]} Nc6 {[%emt 0:00:07]} 6. Ndb5 {
[%emt 0:00:07]} Bc5 {[%emt 0:00:00]} 7. Bf4 {[%emt 0:00:25]} O-O {[%emt 0:00:
00]} 8. Bc7 {[%emt 0:00:52]} Qe7 {[%emt 0:00:00]} 9. Bd6 {[%emt 0:00:14]} Bxd6
{[%emt 0:00:00]} 10. Qxd6 {[%emt 0:00:00]} Qd8 {[%emt 0:00:00]} 11. O-O-O {
[%emt 0:02:37]} a6 {[%emt 0:00:11]} 12. Nd4 {[%emt 0:00:30]} Na5 {[%emt 0:00:
01]} 13. g4 {[%emt 0:02:41]} b5 {[%emt 0:00:06]} 14. g5 {[%emt 0:00:25]} Ne8 {
[%emt 0:00:08]} 15. Qg3 {[%emt 0:00:53]} Bb7 {[%emt 0:01:28]} 16. Bd3 {[%emt 0:
01:04]} Qb6 {[%emt 0:00:22]} 17. Nce2 {[%emt 0:00:27]} Nd6 {[%emt 0:01:33]} 18.
Qh4 {[%emt 0:01:31]} e5 {[%emt 0:01:47]} 19. Rhg1 {[%emt 0:00:11]} Rfe8 {
[%emt 0:04:48]} 20. Nf3 {[%emt 0:01:18]} g6 {[%emt 0:00:43]} 21. Rg4 {[%emt 0:
01:11]} Nf5 {[%emt 0:01:29]} 22. exf5 {[%emt 0:00:39]} Bxf3 {[%emt 0:00:00]}
23. Qh6 {[%emt 0:00:22]} Re6 {[%emt 0:02:15]} 24. fxe6 {[%emt 0:00:38]} Qxe6 {
[%emt 0:00:49]} 25. Rh4 {[%emt 0:00:08]} d6 {[%emt 0:00:16]} 26. Re1 {[%emt 0:
00:14]} Qxa2 {[%emt 0:02:05]} 27. Qxh7+ {[%emt 0:00:15]} Kf8 {[%emt 0:00:00]}
28. Qh8+ {[%emt 0:00:00]} Ke7 {[%emt 0:00:02]} 29. Qf6+ {[%emt 0:00:09]} Kd7 {
[%emt 0:00:00]} 30. Qxf3 {[%emt 0:00:19]} Rc8 {[%emt 0:00:01]} 31. Nc3 {
[%emt 0:00:35]} Qa1+ {[%emt 0:00:24]} 32. Kd2 {[%emt 0:00:05]} Qxb2 {[%emt 0:
00:17]} 33. Qxf7+ {[%emt 0:00:03]} Kc6 {[%emt 0:00:03]} 34. Be4+ {[%emt 0:00:
19]} Kc5 {[%emt 0:00:41]} 35. Qa7+ {[%emt 0:00:14]} Kb4 {[%emt 0:00:05]} 36.
Bd5+ {[%emt 0:00:31]} Rc4 {[%emt 0:00:12]} 37. Rb1 {[%emt 0:01:01]} Nb3+ {
[%emt 0:00:17]} 38. Kd1 {[%emt 0:00:01]} Qxb1+ {[%emt 0:00:53]} 39. Nxb1 {
[%emt 0:00:03]} Rxh4 {[%emt 0:00:06]} 40. c3+ {[%emt 0:00:19]} Ka4 {[%emt 0:00:
03]} 41. Qxa6+ {[%emt 0:00:11]} Na5 {[%emt 0:00:01]} 42. Kc2 {[%emt 0:00:12]}
1-0

[Event "RUS-ch Rapid 2021"]
[Site "Sochi"]
[Date "2021.10.13"]
[Round "11.9"]
[White "Popov, Valerij"]
[Black "Sarana, Alexey"]
[Result "1-0"]
[WhiteElo "2537"]
[BlackElo "2649"]
[Annotator "RC"]
[PlyCount "87"]
[EventDate "2021.10.12"]
[EventType "swiss"]
[EventCountry "RUS"]
[SourceTitle "playchess.com"]
[Source "ChessBase"]
[SourceQuality "1"]
[TimeControl "900+10"]

1. Nf3 {[%emt 0:00:00]} d5 {[%emt 0:00:04]} 2. d4 {[%emt 0:00:01]} Nf6 {
[%emt 0:00:02]} 3. c4 {[%emt 0:00:03]} e6 {[%emt 0:00:00]} 4. e3 {[%emt 0:00:
00]} Be7 {[%emt 0:00:06]} 5. Nc3 {[%emt 0:00:09]} O-O {[%emt 0:00:03]} 6. Qc2 {
[%emt 0:00:16]} Nbd7 {[%emt 0:00:19]} 7. cxd5 {[%emt 0:00:40]} exd5 {[%emt 0:
00:00]} 8. Bd3 {[%emt 0:00:06]} c6 {[%emt 0:00:14]} 9. O-O {[%emt 0:00:26]} Bd6
{[%emt 0:00:00]} 10. Bd2 {[%emt 0:00:30]} Re8 {[%emt 0:00:00]} 11. Rfe1 {
[%emt 0:00:38]} Nf8 {[%emt 0:02:21]} 12. h3 {[%emt 0:00:00]} Ng6 {[%emt 0:00:
16]} 13. Rab1 {[%emt 0:00:14]} a5 {[%emt 0:01:44]} 14. a3 {[%emt 0:00:00]} Bc7
{[%emt 0:00:25]} 15. b4 {[%emt 0:00:11]} axb4 {[%emt 0:00:00]} 16. axb4 {
[%emt 0:00:02]} Qd6 {[%emt 0:00:13]} 17. e4 {[%emt 0:00:14]} dxe4 {[%emt 0:00:
15]} 18. Nxe4 {[%emt 0:00:00]} Nxe4 {[%emt 0:00:04]} 19. Bxe4 {[%emt 0:00:30]}
Be6 {[%emt 0:00:03]} 20. b5 {[%emt 0:00:26]} Ra2 {[%emt 0:03:01]} 21. Qc5 {
[%emt 0:00:33]} Rd8 {[%emt 0:06:39]} 22. Qxd6 {[%emt 0:01:14]} Bxd6 {[%emt 0:
00:04]} 23. bxc6 {[%emt 0:00:08]} bxc6 {[%emt 0:00:00]} 24. Bxc6 {[%emt 0:00:
13]} Bf4 {[%emt 0:00:02]} 25. Bb4 {[%emt 0:03:35]} h6 {[%emt 0:00:09]} 26. d5 {
[%emt 0:00:50]} Bf5 {[%emt 0:00:00]} 27. Ra1 {[%emt 0:00:06]} Rxa1 {[%emt 0:00:
31]} 28. Rxa1 {[%emt 0:00:04]} Be4 {[%emt 0:00:00]} 29. Ra8 {[%emt 0:01:52]}
Rxa8 {[%emt 0:00:01]} 30. Bxa8 {[%emt 0:00:02]} Bb8 {[%emt 0:01:57]} 31. Nd2 {
[%emt 0:00:19]} Bd3 {[%emt 0:00:06]} 32. d6 {[%emt 0:00:26]} Ne5 {[%emt 0:00:
04]} 33. f4 {[%emt 0:00:44]} Ng6 {[%emt 0:00:19]} 34. g3 {[%emt 0:01:05]} Nf8 {
[%emt 0:00:19]} 35. Bc6 {[%emt 0:00:47]} Bf5 {[%emt 0:00:08]} 36. Kg2 {[%emt 0:
00:19]} Ne6 {[%emt 0:00:37]} 37. Nf3 {[%emt 0:01:14]} Nd8 {[%emt 0:00:37]} 38.
Bd5 {[%emt 0:00:11]} Be6 {[%emt 0:00:00]} 39. Bxe6 {[%emt 0:00:19]} Nxe6 {
[%emt 0:00:02]} 40. Ne5 {[%emt 0:00:58]} Ba7 {[%emt 0:00:01]} 41. d7 {[%emt 0:
00:19]} Bb6 {[%emt 0:00:02]} 42. Be7 {[%emt 0:00:05]} f6 {[%emt 0:00:46]} 43.
Nc6 {[%emt 0:00:08]} Kf7 {[%emt 0:00:01]} 44. d8=Q {[%emt 0:00:10]} 1-0

[Event "RUS-ch Rapid 2021"]
[Site "Sochi"]
[Date "2021.10.13"]
[Round "11.10"]
[White "Vastrukhin, Oleg"]
[Black "Riazantsev, Alexander"]
[Result "0-1"]
[WhiteElo "2382"]
[BlackElo "2634"]
[Annotator "RC"]
[PlyCount "142"]
[EventDate "2021.10.12"]
[EventType "swiss"]
[EventCountry "RUS"]
[SourceTitle "playchess.com"]
[Source "ChessBase"]
[SourceQuality "1"]
[TimeControl "900+10"]

1. Nf3 {[%emt 0:00:27]} d5 {[%emt 0:00:07]} 2. g3 {[%emt 0:00:05]} Nc6 {
[%emt 0:00:00]} 3. d4 {[%emt 0:00:00]} Bf5 {[%emt 0:00:03]} 4. Bg2 {[%emt 0:00:
05]} e6 {[%emt 0:00:00]} 5. O-O {[%emt 0:00:03]} Nb4 {[%emt 0:00:00]} 6. Na3 {
[%emt 0:00:02]} h5 {[%emt 0:00:00]} 7. c3 {[%emt 0:00:16]} Nc6 {[%emt 0:00:07]}
8. Qb3 {[%emt 0:00:07]} Bxa3 {[%emt 0:00:16]} 9. Qxa3 {[%emt 0:00:20]} Be4 {
[%emt 0:00:06]} 10. Qb3 {[%emt 0:00:43]} b6 {[%emt 0:00:30]} 11. Re1 {[%emt 0:
01:11]} h4 {[%emt 0:02:58]} 12. Qa4 {[%emt 0:01:28]} Qd7 {[%emt 0:02:35]} 13.
Nxh4 {[%emt 0:00:00]} Bxg2 {[%emt 0:00:11]} 14. Kxg2 {[%emt 0:00:43]} O-O-O {
[%emt 0:00:37]} 15. Qa6+ {[%emt 0:00:21]} Kb8 {[%emt 0:00:02]} 16. a4 {[%emt 0:
00:10]} f6 {[%emt 0:02:52]} 17. Ng6 {[%emt 0:04:42]} Rh7 {[%emt 0:00:00]} 18.
h4 {[%emt 0:00:14]} e5 {[%emt 0:01:56]} 19. dxe5 {[%emt 0:00:17]} fxe5 {
[%emt 0:00:00]} 20. Bg5 {[%emt 0:00:18]} Re8 {[%emt 0:01:25]} 21. Qb5 {[%emt 0:
00:36]} Qd6 {[%emt 0:00:06]} 22. Nxe5 {[%emt 0:01:01]} Rxe5 {[%emt 0:00:02]}
23. Bf4 {[%emt 0:00:00]} Nf6 {[%emt 0:00:20]} 24. a5 {[%emt 0:00:34]} Qc5 {
[%emt 0:01:52]} 25. Qxc5 {[%emt 0:00:17]} bxc5 {[%emt 0:00:00]} 26. Bxe5 {
[%emt 0:00:03]} Nxe5 {[%emt 0:00:01]} 27. a6 {[%emt 0:00:01]} c6 {[%emt 0:00:
46]} 28. Ra5 {[%emt 0:01:11]} Ned7 {[%emt 0:00:25]} 29. c4 {[%emt 0:00:36]} Kc7
{[%emt 0:00:56]} 30. cxd5 {[%emt 0:00:23]} Nxd5 {[%emt 0:00:00]} 31. e4 {
[%emt 0:00:08]} Nb4 {[%emt 0:00:04]} 32. Re2 {[%emt 0:00:39]} g6 {[%emt 0:00:
56]} 33. e5 {[%emt 0:00:09]} Re7 {[%emt 0:00:03]} 34. f4 {[%emt 0:00:21]} Kb6 {
[%emt 0:00:04]} 35. Ra1 {[%emt 0:00:05]} c4 {[%emt 0:00:21]} 36. Rd1 {[%emt 0:
00:20]} Nd5 {[%emt 0:00:26]} 37. Kf3 {[%emt 0:00:58]} Nc5 {[%emt 0:00:12]} 38.
Rd4 {[%emt 0:00:15]} Kb5 {[%emt 0:00:07]} 39. Rc2 {[%emt 0:00:08]} Nb3 {
[%emt 0:00:09]} 40. Rd1 {[%emt 0:00:50]} Kc5 {[%emt 0:00:01]} 41. Ke4 {[%emt 0:
00:55]} Nf6+ {[%emt 0:00:27]} 42. Kf3 {[%emt 0:00:05]} Nd5 {[%emt 0:00:02]} 43.
Ke4 {[%emt 0:00:03]} Nf6+ {[%emt 0:00:17]} 44. Kf3 {[%emt 0:00:03]} Nd5 {
[%emt 0:00:00]} 45. Ke4 {[%emt 0:00:20]} Nf6+ {[%emt 0:00:23]} 46. Kf3 {
[%emt 0:00:01]} Nd5 {[%emt 0:00:02]} 47. Ke4 {[%emt 0:00:53]} Nb4 {[%emt 0:00:
00]} 48. Rh2 {[%emt 0:00:16]} Nd3 {[%emt 0:00:05]} 49. h5 {[%emt 0:00:06]} gxh5
{[%emt 0:00:00]} 50. Rxd3 {[%emt 0:00:08]} cxd3 {[%emt 0:00:02]} 51. Kxd3 {
[%emt 0:00:00]} Rg7 {[%emt 0:00:34]} 52. Rh3 {[%emt 0:00:04]} Kd5 {[%emt 0:00:
06]} 53. Ke3 {[%emt 0:00:07]} Nd4 {[%emt 0:00:21]} 54. Kf2 {[%emt 0:00:12]} Nf5
{[%emt 0:00:02]} 55. Kf3 {[%emt 0:00:15]} c5 {[%emt 0:00:00]} 56. Rxh5 {
[%emt 0:00:24]} Nxg3 {[%emt 0:00:11]} 57. Rh8 {[%emt 0:00:01]} Nf5 {[%emt 0:00:
15]} 58. Rd8+ {[%emt 0:00:06]} Kc4 {[%emt 0:00:13]} 59. Ke4 {[%emt 0:00:25]}
Nd4 {[%emt 0:00:01]} 60. Rb8 {[%emt 0:00:27]} Rg1 {[%emt 0:01:03]} 61. Ke3 {
[%emt 0:00:09]} Re1+ {[%emt 0:00:21]} 62. Kf2 {[%emt 0:00:00]} Re2+ {[%emt 0:
00:15]} 63. Kg3 {[%emt 0:00:02]} Nc6 {[%emt 0:00:12]} 64. Rb7 {[%emt 0:00:13]}
Kd5 {[%emt 0:00:01]} 65. Kf3 {[%emt 0:00:18]} Nd4+ {[%emt 0:00:05]} 66. Kg3 {
[%emt 0:00:03]} Ke4 {[%emt 0:00:21]} 67. Rxa7 {[%emt 0:00:10]} Rxb2 {[%emt 0:
00:02]} 68. Rc7 {[%emt 0:00:12]} Ne6 {[%emt 0:00:16]} 69. Rc6 {[%emt 0:00:21]}
Kf5 {[%emt 0:00:01]} 70. a7 {[%emt 0:00:11]} Ra2 {[%emt 0:00:02]} 71. Rc8 {
[%emt 0:00:11]} Rxa7 {[%emt 0:00:03]} 0-1